Why the Gore report will probably fail (Record no. 34288)

000 -LEADER
fixed length control field 01182pab a2200193 454500
008 - FIXED-LENGTH DATA ELEMENTS--GENERAL INFORMATION
fixed length control field 180718b1997 xxu||||| |||| 00| 0 eng d
100 ## - MAIN ENTRY--PERSONAL NAME
Personal name Hart, David Kirkwood
245 ## - TITLE STATEMENT
Title Why the Gore report will probably fail
260 ## - PUBLICATION, DISTRIBUTION, ETC.
Date of publication, distribution, etc. 1997
300 ## - PHYSICAL DESCRIPTION
Extent p.183-220
362 ## - DATES OF PUBLICATION AND/OR SEQUENTIAL DESIGNATION
Dates of publication and/or sequential designation Jan
520 ## - SUMMARY, ETC.
Summary, etc. The Gore Report on Reinventing Government summarizes the findings of the National Performance Review Board. It is a well-intentioned endeavor, containing many perceptive insights and solutions. Unfortunately, the NPR failed to consider a number of fundamental problems, which will probably cause the reform effort to fail. Foremost among the problems are the neglect of "the public interest," reform by command rather than by persuasion, the trivialization of the "public" service, the devaluation of citizenship and the cynicism of frustrated expectations. This article discusses some of the implications of those problems. - Reproduced
650 ## - SUBJECT ADDED ENTRY--TOPICAL TERM
Topical term or geographic name entry element Public administration - United States
650 ## - SUBJECT ADDED ENTRY--TOPICAL TERM
Topical term or geographic name entry element Administrative reform - United States
650 ## - SUBJECT ADDED ENTRY--TOPICAL TERM
Topical term or geographic name entry element Administrative reform
700 ## - ADDED ENTRY--PERSONAL NAME
Personal name Hart, David W.
773 ## - HOST ITEM ENTRY
Main entry heading International Journal of Public Administration
909 ## -
-- 34288
Holdings
Withdrawn status Lost status Damaged status Not for loan Permanent Location Current Location Date acquired Serial Enumeration / chronology Barcode Date last seen Price effective from Koha item type
        Indian Institute of Public Administration Indian Institute of Public Administration 2018-07-19 Volume no: 20, Issue no: 1 AR34519 2018-07-19 2018-07-19 Articles

Powered by Koha